| 000 | 00703nam a22002057a 4500 | ||
|---|---|---|---|
| 003 | ASAB | ||
| 005 | 20240702100251.0 | ||
| 008 | 170712b xxu||||| |||| 00| 0 eng d | ||
| 038 | _a000 | ||
| 040 | _cASAB | ||
| 082 | _a200 | ||
| 100 |
_aUmmar Raheel. _93254 |
||
| 245 |
_asiRNA Based Inhibition of dengue virus and prediction of possible vaccinal targets/ _cUmmar Raheel- |
||
| 260 |
_aIslamabad. _bAtta Ur Rahman School of Applied Biosciences NUST _c2015. |
||
| 300 |
_a210,p; _bill; _c30,cm. |
||
| 600 |
_xPhD-Virology and Immunology _9123978 |
||
| 700 |
_aSupervisor:Dr. Najam Us Sahar Sadaf Zaidi, _9123938 |
||
| 856 | _u http://10.250.8.41:8080/xmlui/handle/123456789/26642 | ||
| 942 |
_2ddc _cSC |
||
| 999 |
_c330437 _d330437 |
||